|
|
|
|
| LEADER |
02078nam a2200349 a 4500 |
| 001 |
40477 |
| 003 |
BD-DhAAL |
| 008 |
230306t1999 ph a b 000 0 eng d |
| 010 |
|
|
|a 99911629
|
| 020 |
|
|
|a 9715612482
|
| 035 |
|
|
|a (DLC) 99911629
|
| 040 |
|
|
|a DLC
|c DLC
|d BD-DhAAL
|
| 042 |
|
|
|a lcode
|
| 043 |
|
|
|a a------
|a p------
|
| 050 |
0 |
0 |
|a HJ1301
|b .G68 1999
|
| 082 |
|
|
|a 336.5
|
| 245 |
0 |
0 |
|a Governance, corruption, and public financial management /
|c edited by Salvatore Schiavo-Campo.
|
| 260 |
|
|
|a Manila, Philippines :
|b Asian Development Bank,
|c c1999.
|
| 300 |
|
|
|a vi, 251 pages :
|b illustrations ;
|c 23 cm.
|
| 500 |
|
|
|a "November 1999."
|
| 500 |
|
|
|a "Publication stock no. 070299."
|
| 504 |
|
|
|a Includes bibliographical references.
|
| 505 |
0 |
|
|a Governance, corruption, and public finance / Vito Tanzi -- Government policies and the budget process / Francesco Forte -- Public financial management / Arigapudi Premchand -- Information and communication technology for public finance / Clay Wescott and Salvatore Schiavo-Campo -- Reform priorities for public financial management in developing countries / Salvatore Schiavo-Campo and Daniel Tommasi -- Beyond the basics / Benjamin Diokno -- Public financial accountability / Arigapudi Premchand -- Transparency and accountability for public financial integrity / Nihal Jayawickrama -- Some observations on public financial accountability and integrity in Pacific Island countries / Savenaca Siwatibau -- Public financial accountability for integrity and results / Leonor Briones.
|
| 541 |
|
|
|a Donated By Akbar Ali Khan
|e 40477
|
| 650 |
|
0 |
|a Finance, Public
|z Asia.
|9 53797
|
| 650 |
|
0 |
|a Finance, Public
|z Pacific Area.
|9 53798
|
| 700 |
1 |
|
|a Schiavo-Campo, Salvatore.
|9 2101
|
| 710 |
2 |
|
|a Asian Development Bank.
|
| 852 |
|
|
|a Ayesha Abed Library
|c Akbar Ali Khan Collection
|
| 942 |
|
|
|2 ddc
|c BK
|
| 999 |
|
|
|c 45566
|d 45566
|
| 952 |
|
|
|0 0
|1 0
|2 ddc
|4 0
|6 336_500000000000000_GOV
|7 1
|9 73343
|a BRACUL
|b BRACUL
|c AAKC
|d 2023-03-06
|e Donated By Akbar Ali Khan
|g 1065.00
|l 0
|o 336.5 GOV
|p 3010040477
|r 2023-03-06
|t 1
|w 2023-03-06
|y BK
|x USD 10.00
|